00635 2200229 4500001002100000008004100021035002000062245008000082100001700162260003800179300001200217020002200229084001600251082000800267650001200275990001800287990002000305990002000325990002000345990002000365990002000385INLIS000000000000557 ind  a0010-0724000557 aDongeng Sains Bagaiaman Cara Bakau Bertahan Hidup Di Air AsincAnna Martina aAnna Martina aJakartabArmandelta Selarasc2008 a26 hlm. a978-979-26-7166-7 a398.2 ANN m a398 aFolklor aP29/CP/24/557 aP29/CP/24/557.1 aP29/CP/24/557.2 aP29/CP/24/557.3 aP29/CP/24/557.4 aP29/CP/24/557.5